000 00560cam a22002291 4500
001 sa 63001306
003 DLC
005 20260227111926.0
008 890403s1962 xx 000 0 hino
010 _asa 63001306
035 _a(OCoLC)23559083
040 _aDLC
_cMiU
_dDLC
042 _apremarc
043 _aa-ii---
050 0 0 _aDS430
_b.M8
100 1 _aMukherjee, Rabindra Nath.
245 1 0 _aSāmājika mānavaśāstra kī rūparekhā.
260 _c[1962]
300 _a596 p.
_c23 cm.
500 _aRomanized.
650 0 _aEthnology
_zIndia
999 _c53902
_d53902